000
00260nam a2200097Ia 4500
001
985896
005
20250826221051.0
008
250824s9999 xx 000 0 und d
245
0
_a
EĞLENCELİ TEKERLEKLER BAY MİNİBÜS
_c
HARRY SIMPSON
260
_b
DOKUZ YAYINLARI
999
_c
985896
_d
985896